Aniplex Animes - Statistics

General Stats
  • This quiz has been taken 47 times
    43 since last reset
  • The average score is 11 of 25
Answer Stats
Hint Answer % Correct
A spy on an undercover mission gets married and adopts a child as part of his cover. His wife and daughter have secrets of their own, and all three must strive to keep together. Spy x Family
100%
A family is attacked by demons and only two members survive - Tanjiro and his sister Nezuko, who is turning into a demon slowly. Tanjiro sets out to avenge his family and cure his sister. Demon Slayer
97%
A piano prodigy who lost his ability to play after suffering a traumatic event in his childhood is forced back into the spotlight by an eccentric girl with a secret of her own. Your Lie In April
88%
High school student Ichigo Kurosaki, who has the ability to see ghosts, gains soul reaper powers from Rukia Kuchiki and sets out to save the world from "Hollows". Bleach
75%
The proudly privileged top two students of an elite school each makes it their mission to be the first to extract a confession of love from the other. Kaguya-sama: Love is War
75%
In the year 2022, thousands of people get trapped in a new virtual MMORPG and a lone wolf player works to escape. Sword Art Online
72%
When three gifted kids at an isolated idyllic orphanage discover the secret and sinister purpose they were raised for, they look for a way to escape from their evil caretaker and lead the other children in a risky escape plan. The Promised Neverland
72%
Traumatized by a childhood incident with a friend who took exception to his love of traditional dolls, doll-artisan hopeful Wakana Gojou passes his days as a loner, finding solace in a room at his high school. My Dress Up Darling
59%
Two brothers search for a Philosopher's Stone after an attempt to revive their deceased mother goes awry and leaves them in damaged physical forms. Fullmetal Alchemist: Brotherhood
56%
29-year-old Satoru Fujinuma is sent back in time 18 years to prevent the events leading to his mother's death, which began with a series of kidnappings while he was in 5th grade. Erased
53%
A loud, hyperactive, adolescent ninja who constantly searches for approval and recognition, as well as to become Hokage, who is acknowledged as the leader and strongest of all ninja in the village. Naruto: Shippuden
53%
After discovering that he's the son of Satan, a young man must join the True Cross Academy in order to master his abilities and defeat Satan himself. Blue Exorcist
47%
Seven chosen mages and their summoned heroic spirits fight against each other to try and win the Holy Grail: a magical device that can grant any wish. Fate/Zero
38%
In an era where aliens have invaded and taken over feudal Tokyo, an unemployed samurai finds work however he can. Gintama
34%
Two friends, Simon and Kamina, become the symbols of rebellion against the powerful Spiral King, who forced mankind into subterranean villages. Gurren Lagann
34%
The people of the kingdom look down on the young Prince Bojji, who can neither hear nor speak. They call him "The Useless Prince" while jeering at his supposed foolishness. Ranking of Kings
34%
Two very different people - an academically successful schoolgirl and a quiet loser schoolboy - meet and develop a friendship. Horimiya
31%
A group of school kids and a possessed cat fight ghosts in their neighborhood. Ghost Stories
28%
With demons reawakened and humanity in turmoil, a sensitive demon-boy is led into a brutal, degenerate war against evil by his mysterious friend, Ryo. Devilman: Crybaby
22%
Rebellious teens fight in armed combat against one dispassionate girl's supernatural powers in an afterlife high school. Angel Beats!
19%
Tired of his mundane life, Mikado Ryugamine decides to move to Ikebukuro, a district in Tokyo, when a friend invites him. With everything from invisible gangs to rumored beings, Ikebukuro is full of connected mysteries where people's pasts intertwine with the present. Durarara!!
16%
In a future world where humanity has been driven to endangerment by giant beasts, a strike force is assembled to destroy the monsters and save the world. Darling in the Franxx
13%
Assassins Kazuki Kurusu and Rei Suwa meet Miri, a girl looking for her father on Christmas Day. Kazuki, Rei, and Miri unexpectedly end up living together. Buddy Daddies
9%
In a downtown Tokyo café, a group of girls will help sort out any problems to help the local customers. Lycoris Recoil
9%
A high school student's blissful days with his girlfriend are interrupted when his first crush returns in two forms. Rascal Does Not Dream of a Dreaming Girl
0%
No matching quizzes found
Score Distribution
Percent of People with Each Score
Percentile by Number Answered
Your Score History
You have not taken this quiz since the last reset